|
|
|
|
| LEADER |
00000cam a2200000 a 4500 |
| 001 |
vtls010467133 |
| 003 |
SK-MaSNL |
| 005 |
20260301214351.0 |
| 008 |
240318s2012 xo daolf 000 0 slo |
| 015 |
|
|
|a SNBA2013
|
| 020 |
|
|
|a 9788055405148
|q (viaz.)
|
| 035 |
|
|
|a 7991B9C6-B422-4FDD-9B38-081C9B0A5AB6
|
| 035 |
|
|
|a urn:nbn:sk:snk-amjlzi
|
| 035 |
|
|
|a urn:nbn:sk:snk-am001nnm
|
| 040 |
|
|
|a SNK
|b slo
|c SNK
|e AACR2
|
| 041 |
0 |
|
|a slo
|
| 044 |
|
|
|a xo
|c SK
|
| 072 |
|
7 |
|a 621
|x Strojárstvo
|2 konspekt
|
| 072 |
|
7 |
|a 004
|x Počítačová veda. Výpočtová technika. Informačné technológie
|2 konspekt
|
| 080 |
|
|
|a 621.9.06-933.6
|2 2001
|
| 080 |
|
|
|a 004.42
|2 2001
|
| 080 |
|
|
|a 004-027.22
|2 2001
|
| 080 |
|
|
|a (048.8)
|2 2001
|
| 100 |
1 |
|
|a Čuboňová, Nadežda,
|d 1961-
|4 aut
|9 222111
|
| 245 |
1 |
0 |
|a Počítačová podpora programovania CNC strojov
|c Nadežda Čuboňová
|
| 250 |
|
|
|a 1. vyd.
|
| 260 |
|
|
|a Žilina
|b Žilinská univerzita
|c 2012
|
| 300 |
|
|
|a 114 s.
|b fotogr., grafy, ilustr., sch., tab.
|c 25 cm
|
| 366 |
|
|
|e 100 výt.
|
| 490 |
1 |
|
|a Vedecké monografie
|
| 500 |
|
|
|a Vyd. v EDIS Žilina
|
| 504 |
|
|
|a Bibliogr. s. 107-114. Zoz. skrat.
|
| 650 |
0 |
7 |
|a CNC stroje
|2 SNKPH
|9 78890
|
| 650 |
0 |
7 |
|a programovanie
|2 SNKPH
|9 22041
|
| 650 |
0 |
7 |
|a počítačová podpora
|2 SNKPH
|9 1869
|
| 650 |
0 |
7 |
|a CNC machine tools
|2 SNKPHeng
|9 302463
|
| 650 |
0 |
7 |
|a Programming
|2 SNKPHeng
|9 302464
|
| 650 |
0 |
7 |
|a Computer aid
|2 SNKPHeng
|9 337249
|
| 655 |
|
7 |
|a monografie
|2 SNKPH
|9 70139
|
| 655 |
|
7 |
|a Monographs
|2 SNKPHeng
|9 120675
|
| 810 |
2 |
|
|a Žilinská univerzita v Žiline
|t Vedecké monografie
|9 306802
|
| 830 |
|
0 |
|a Vedecké monografie
|9 315725
|
| 852 |
|
|
|a Štátna vedecká knižnica v Banskej Bystrici
|
| 919 |
|
|
|a 978-80-554-0514-8
|
| 958 |
|
|
|a NB
|
| 999 |
|
|
|c 924549
|d 926479
|
| 952 |
|
|
|a SNK
|b SNK
|y PREZ
|7 0
|p 17A1057256
|o snkSC 152039
|i snk2012/24145
|8 0
|0 0
|1 0
|4 0
|d 2012-11-23
|l 0
|r 2025-07-22 00:00:00
|w 2026-02-24
|
| 952 |
|
|
|a SNK
|b SNK
|y VYP
|7 0
|p 17A1057257
|o snkSC 152039 D1
|i snk2012/24146
|8 0
|0 0
|1 0
|4 0
|d 2012-11-23
|l 0
|r 2026-02-24 08:28:14
|w 2026-02-24
|